000 00421nam a2200157 4500
001 118672
003 ES-MaACL
005 20230906191141.0
007 t|
008 070214s1953 sp r ||||1| spa d
100 0 _aDaniel-Rops.
_942631
245 1 3 _aLa santa misa /
_cDaniel-Rops [seud].
260 _aBarcelona :
_bLuis Caralt,
_c1953.
300 _a39 h., 31 lám. ;
_c18 cm.
852 _aES-MaACL
_jC-8862
_bR.36659
999 _c118672
_d118672